000
00330nam a2200121Ia 4500
003
GCL
008
140319s9999 xx 000 0 ara d
040
_a
GCL /
_c
GCL
082
0
4
_a
م
_b
355.030
_b
م ق
245
1
0
_a
قاموس المصطلحات العسكرية
260
_a
[S.N] :
_b
فؤاد هاشم الكتبى
300
_a
679 ص
999
_c
59395
_d
59395